000 00484nmm a2200157Ia 4500
008 251105s9999||||xx |||||||||||||||||und||
041 _aspa
100 _aValdemoro, Susana
245 0 _aGestión de pedidos y stock
264 _a[Madrid, España] :
_bMinisterio de Educación, Cultura y Deporte de España,
_c2012
300 _a251 páginas
490 _aAula Mentor
650 _aEconomics and Business
856 _uhttps://public.digitaliapublishing.com/a/20924
942 _cCF
999 _c98421
_d98421